| 000 | 00645nam a2200241Ia 4500 | ||
|---|---|---|---|
| 003 | 0100 | ||
| 008 | 130227s9999 xx 000 0 und d | ||
| 020 | _a0820703494 | ||
| 040 | _cARRUPELIB | ||
| 050 | _aB2430.L484L465 2004 | ||
| 100 | _aAtterton, Peter (ed) | ||
| 245 | _aLevinas & Buber | ||
| 245 | _bDialogue & difference | ||
| 260 | _aPittsburgh | ||
| 260 | _bDuquesne University Press | ||
| 260 | _C2004 | ||
| 300 | _ax | ||
| 300 | _b 325p 23cm | ||
| 650 | _bBasic needs - Kenya - Nairobi | ||
| 650 | _cNairobi (Kenya) - Economic conditions | ||
| 700 | _aCalarco, Matthew (ed); Friendman, Maurice S. (ed) | ||
| 942 |
_2lcc _04 |
||
| 999 |
_c4178 _d4178 |
||